Ποια αριστερά; : μια συζήτηση με τους Πέτρο Καβασάλη, Κώστα Σπυρόπουλο

Αποθηκεύτηκε σε:
Λεπτομέρειες βιβλιογραφικής εγγραφής
Κύριος συγγραφέας: Κύρκος, Λεωνίδας Μ., 1924-2011
Μορφή: Βιβλίο
Γλώσσα:Greek
Δημοσίευση: Αθήνα : Οδυσσέας, 1987.
Θέματα:
Ετικέτες: Προσθήκη ετικέτας
Δεν υπάρχουν, Καταχωρήστε ετικέτα πρώτοι!

MARC

LEADER 00000cam a2200000 i 4500
001 1/29361
008 060515r1987 gr | ||| |||| |bgre||
035 |l 10083881 
040 |a GR-MyUA  |b gre  |e AACR2 
041 0 |a gre 
082 0 |a 335  |2 (22) 
100 1 |a Κύρκος, Λεωνίδας Μ.,   |d 1924-2011. 
245 1 0 |a Ποια αριστερά; :   |b μια συζήτηση με τους Πέτρο Καβασάλη, Κώστα Σπυρόπουλο /   |c Λεωνίδας Κύρκος.  
260 |a Αθήνα :   |b Οδυσσέας,   |c 1987.  
300 |a 231 σ. ;   |c 21 εκ.  
500 |a Το παράρτημα Σάμου διαθέτει την 2η έκδ. 
650 0 0 |a Socialism  |z Greece. 
650 0 0 |a Socialist parties  |z Greece. 
651 0 |a Greece  |x Politics and government. 
852 |a INST  |b LESVOS  |e 20060515  |h 324.209495 ΚΥΡ  |p 005100034964  |q 005100034964  |t BK  |y 0 
852 |a INST  |b SAMOS  |e 20091223  |h 335 ΚΥΡ  |p 005300031005  |q 005300031005  |t BK  |y 0 
901 |a BIBL3-2009-3 
901 |a BIBL1-2006-2 
909 |a Σ  |b 158403 
909 |a Λ  |b 124049 
970 |a ΚΑΡΑ  |b ΓΙΑΣΕΜΗ  |z 2006/05/15